[Event "CAN-op"]
[Site "Sackville CAN"]
[Date "2001.07.09"]
[Round "4"]
[White "Johnson, Kyle"]
[Black "Phi, Tan Trao"]
[Result "1-0"]
[WhiteElo "1745"]
[BlackElo "1464"]
[PlyCount "51"]
[GameId "2160767911564075"]
[EventDate "2001.07.07"]
[EventType "swiss"]
[EventRounds "10"]
[EventCountry "CAN"]
[SourceTitle "EXT 2006"]
[Source "ChessBase"]
[SourceDate "2005.11.24"]
[SourceVersion "1"]
[SourceVersionDate "2005.11.24"]
[SourceQuality "1"]

1. d4 Nf6 2. c4 e6 3. Nf3 c5 4. Nc3 Nc6 5. e4 cxd4 6. Nxd4 Be7 7. Be2 d5 8. exd5 exd5 9. Bf4 O-O 10. O-O Be6 11. Rc1 Rc8 12. Nxe6 fxe6 13. cxd5 exd5 14. Qb3 Nd4 15. Qxb7 Nxe2+ 16. Nxe2 Nh5 17. Rxc8 Qxc8 18. Qxd5+ Kh8 19. Qxh5 Qc4 20. b3 Qe4 21. Qe5 Rxf4 22. Qxf4 Qb7 23. Rd1 h6 24. Ng3 Bf6 25. Nh5 Bg5 26. Qd4 1-0

[Event "CAN-op"]
[Site "Sackville CAN"]
[Date "2001.07.09"]
[Round "4"]
[White "Kapadia, Ronak"]
[Black "Gillanders, Robert"]
[Result "1-0"]
[WhiteElo "2106"]
[BlackElo "1813"]
[PlyCount "69"]
[GameId "2160767911564076"]
[EventDate "2001.07.07"]
[EventType "swiss"]
[EventRounds "10"]
[EventCountry "CAN"]
[SourceTitle "EXT 2006"]
[Source "ChessBase"]
[SourceDate "2005.11.24"]
[SourceVersion "1"]
[SourceVersionDate "2005.11.24"]
[SourceQuality "1"]

1. e4 e6 2. d4 d5 3. Nc3 Bb4 4. e5 c5 5. a3 Bxc3+ 6. bxc3 Qc7 7. Qg4 f5 8. Bb5+ Kf8 9. Qg3 c4 10. a4 g6 11. a5 a6 12. Ba3+ Kg7 13. Ba4 Qxa5 14. Bd7 Qd8 15. Bxc8 Qxc8 16. h4 Qe8 17. Ne2 h5 18. Nf4 Nc6 19. Ke2 Kh7 20. Rhb1 b5 21. Bc5 Nh6 22. Rxb5 Rg8 23. Rb7+ Kh8 24. Qg5 Nf7 25. Nxg6+ Kh7 26. Qxh5+ Kg7 27. Nf4 Ncd8 28. Re7 Qc6 29. Nxe6+ Qxe6 30. Rxe6 Nxe6 31. Qxf5 Nxc5 32. Qf6+ Kf8 33. dxc5 Re8 34. e6 Rg4 35. Qxf7# 1-0

[Event "CAN-op"]
[Site "Sackville CAN"]
[Date "2001.07.09"]
[Round "4"]
[White "Kekely, John"]
[Black "Senecal, Jean-Pierre"]
[Result "1-0"]
[WhiteElo "1903"]
[BlackElo "1603"]
[PlyCount "39"]
[GameId "2160767911564077"]
[EventDate "2001.07.07"]
[EventType "swiss"]
[EventRounds "10"]
[EventCountry "CAN"]
[SourceTitle "EXT 2006"]
[Source "ChessBase"]
[SourceDate "2005.11.24"]
[SourceVersion "1"]
[SourceVersionDate "2005.11.24"]
[SourceQuality "1"]

1. e4 c5 2. Nf3 Nc6 3. Bb5 d6 4. O-O Bd7 5. Re1 e5 6. c3 g6 7. d3 Bg7 8. Bg5 Nge7 9. Nbd2 O-O 10. Ba4 a6 11. Bb3 Qc7 12. Nc4 Be6 13. Ne3 Na5 14. Ng4 Nxb3 15. Nf6+ Bxf6 16. Bxf6 Nxa1 17. Qd2 Nf5 18. exf5 Qd8 19. Bxd8 Bxf5 20. Bf6 1-0

[Event "CAN-op"]
[Site "Sackville CAN"]
[Date "2001.07.09"]
[Round "4"]
[White "Kenney, Jason"]
[Black "Lipnowski, Irwin"]
[Result "0-1"]
[WhiteElo "2033"]
[BlackElo "2341"]
[PlyCount "92"]
[GameId "2160767911564078"]
[EventDate "2001.07.07"]
[EventType "swiss"]
[EventRounds "10"]
[EventCountry "CAN"]

1. d4 Nf6 2. c4 c5 3. d5 d6 4. Nc3 g6 5. e4 Bg7 6. Bd3 O-O 7. h3 e6 8. Nf3 Na6 9. O-O Nc7 10. Be3 e5 11. Nd2 Nh5 12. Be2 Nf4 13. Bg4 f5 14. Bf3 Nxh3+ 15. gxh3 f4 16. Bg4 fxe3 17. fxe3 Qg5 18. Rxf8+ Bxf8 19. Kf2 Bh6 20. Nf1 Bxg4 21. Qxg4 Rf8+ 22. Kg2 Qf6 23. Qe2 a6 24. Nd1 Qh4 25. Ng3 Bf4 26. exf4 exf4 27. Qg4 Qe7 28. Nf2 fxg3 29. Qxg3 Qf6 30. Rb1 Qd4 31. Rf1 Ne8 32. Qc3 Qf6 33. Qxf6 Nxf6 34. Re1 Re8 35. Kf3 Nd7 36. Nd3 Ne5+ 37. Nxe5 Rxe5 38. Re2 Kf7 39. h4 b5 40. b3 Kf6 41. Kg4 bxc4 42. bxc4 h5+ 43. Kf4 g5+ 44. hxg5+ Rxg5 45. Rb2 Rg4+ 46. Kf3 Ke5 0-1

[Event "CAN-op"]
[Site "Sackville CAN"]
[Date "2001.07.09"]
[Round "4"]
[White "Kirby, Patrick"]
[Black "Tsui, Edwin"]
[Result "1-0"]
[WhiteElo "2228"]
[BlackElo "1879"]
[PlyCount "44"]
[GameId "2160767911564079"]
[EventDate "2001.07.07"]
[EventType "swiss"]
[EventRounds "10"]
[EventCountry "CAN"]
[SourceTitle "EXT 2006"]
[Source "ChessBase"]
[SourceDate "2005.11.24"]
[SourceVersion "1"]
[SourceVersionDate "2005.11.24"]
[SourceQuality "1"]

1. e4 e5 2. Nf3 Nc6 3. d4 exd4 4. Bc4 Nf6 5. Ng5 d5 6. exd5 Qe7+ 7. Qe2 Qxe2+ 8. Kxe2 Ne5 9. Bb3 Bd6 10. c3 d3+ 11. Kd1 O-O 12. h3 h6 13. Nf3 Nxf3 14. gxf3 Re8 15. Rg1 Kf8 16. h4 Bc5 17. Rf1 Bh3 18. Re1 Bxf2 19. Rxe8+ Rxe8 20. Bf4 Bf1 21. Bxc7 Be2+ 22. Kc1 Bxf3 1-0

[Event "CAN-op"]
[Site "Sackville CAN"]
[Date "2001.07.09"]
[Round "4"]
[White "Kleist, Frederick"]
[Black "O'Donnell, Tom"]
[Result "1/2-1/2"]
[WhiteElo "2170"]
[BlackElo "2454"]
[PlyCount "67"]
[GameId "2160767911564080"]
[EventDate "2001.07.07"]
[EventType "swiss"]
[EventRounds "10"]
[EventCountry "CAN"]

1. d4 d5 2. c4 e6 3. Nf3 c6 4. g3 Nf6 5. Bg2 Be7 6. O-O O-O 7. Qc2 b6 8. Rd1 Bb7 9. b3 Nbd7 10. Nc3 Rc8 11. e4 Nxe4 12. Nxe4 dxe4 13. Qxe4 Ba8 14. Qe2 Qc7 15. Bf4 Bd6 16. Ne5 Rfd8 17. Bh3 Nxe5 18. Bxe5 Rb8 19. Bg2 h6 20. Rac1 Bxe5 21. Qxe5 Qxe5 22. dxe5 Kf8 23. Kf1 Ke7 24. Ke2 c5 25. Rxd8 Rxd8 26. Bxa8 Rxa8 27. Rd1 Rd8 28. Rxd8 Kxd8 29. Ke3 Ke7 30. Ke4 Ke8 31. f4 g6 32. g4 Ke7 33. f5 Kd7 34. f6 1/2-1/2

[Event "CAN-op"]
[Site "Sackville CAN"]
[Date "2001.07.09"]
[Round "4"]
[White "Lipnowski, Michael"]
[Black "Bluvshtein, Mark"]
[Result "0-1"]
[WhiteElo "1767"]
[BlackElo "2277"]
[PlyCount "64"]
[GameId "2160767911564081"]
[EventDate "2001.07.07"]
[EventType "swiss"]
[EventRounds "10"]
[EventCountry "CAN"]
[SourceTitle "EXT 2006"]
[Source "ChessBase"]
[SourceDate "2005.11.24"]
[SourceVersion "1"]
[SourceVersionDate "2005.11.24"]
[SourceQuality "1"]

1. d4 e6 2. c4 f5 3. Nf3 Nf6 4. g3 d5 5. Bg2 c6 6. b3 Bd6 7. O-O Qe7 8. Bb2 O-O 9. Nbd2 Ne4 10. Ne5 Nd7 11. cxd5 exd5 12. f4 Ndf6 13. Ndf3 Bd7 14. e3 Be8 15. Rc1 Bh5 16. Rc2 a5 17. Bh3 g6 18. Rg2 Kh8 19. g4 fxg4 20. Nxg4 Nxg4 21. Bxg4 Nf6 22. Ne5 Nxg4 23. Rxg4 Bxe5 24. dxe5 Qe6 25. h3 c5 26. Rf2 Rad8 27. Rd2 Bxg4 28. hxg4 d4 29. exd4 cxd4 30. Rxd4 Rxd4 31. Qxd4 Qxg4+ 32. Kh1 Qxf4 0-1

[Event "CAN-op"]
[Site "Sackville CAN"]
[Date "2001.07.09"]
[Round "4"]
[White "MacDonald, Jonathan"]
[Black "Puiras, Jarmo"]
[Result "0-1"]
[WhiteElo "2150"]
[BlackElo "1862"]
[PlyCount "80"]
[GameId "2160767911564083"]
[EventDate "2001.07.07"]
[EventType "swiss"]
[EventRounds "10"]
[EventCountry "CAN"]
[SourceTitle "EXT 2006"]
[Source "ChessBase"]
[SourceDate "2005.11.24"]
[SourceVersion "1"]
[SourceVersionDate "2005.11.24"]
[SourceQuality "1"]

1. e4 c5 2. Nf3 Nc6 3. d4 cxd4 4. Nxd4 d6 5. Nc3 g6 6. Bc4 Bg7 7. Be3 Nf6 8. f3 O-O 9. Qd2 Bd7 10. Bb3 Na5 11. O-O-O Rc8 12. h4 h5 13. Nd5 Nxb3+ 14. axb3 Nxd5 15. exd5 Qb6 16. Kb1 Qa6 17. g4 Rc5 18. Bh6 Bxh6 19. Qxh6 Rxd5 20. Nf5 Rxf5 21. gxf5 Bxf5 22. Rhg1 Rc8 23. Rg2 Rc5 24. b4 Rc4 25. Qxh5 Qb5 26. Qg5 Rxb4 27. Qc1 Qa4 28. Qd2 Qa3 29. Qc1 Qa6 30. Qe3 Ra4 31. Kc1 Ra1+ 32. Kd2 Rxd1+ 33. Kxd1 Qf1+ 34. Qe1 Qxg2 35. Qxe7 Qxc2+ 36. Ke1 Qc1+ 37. Kf2 Qxb2+ 38. Kg1 Bh3 39. Qd8+ Kg7 40. Qg5 Qg2+ 0-1

[Event "CAN-op"]
[Site "Sackville CAN"]
[Date "2001.07.09"]
[Round "4"]
[White "MacFie, Bob"]
[Black "Smith, Andrew I"]
[Result "0-1"]
[WhiteElo "1657"]
[BlackElo "1922"]
[PlyCount "78"]
[GameId "2160767911564084"]
[EventDate "2001.07.07"]
[EventType "swiss"]
[EventRounds "10"]
[EventCountry "CAN"]
[SourceTitle "EXT 2006"]
[Source "ChessBase"]
[SourceDate "2005.11.24"]
[SourceVersion "1"]
[SourceVersionDate "2005.11.24"]
[SourceQuality "1"]

1. f4 c5 2. Nf3 d5 3. e3 g6 4. c4 e6 5. Be2 Bg7 6. Qc2 d4 7. e4 Nc6 8. d3 Qc7 9. O-O Nge7 10. Nbd2 Qxf4 11. Nb3 Qd6 12. e5 Nxe5 13. Bf4 Nxf3+ 14. Bxf3 e5 15. Bg3 O-O 16. Nd2 Nf5 17. Ne4 Qc7 18. Bf2 Bd7 19. g4 Nd6 20. Nxd6 Qxd6 21. Bxb7 Rae8 22. Bf3 Bc6 23. Be2 f5 24. Bg3 f4 25. Be1 f3 26. Bd1 Bh6 27. Bg3 Be3+ 28. Rf2 Qe6 29. h3 h5 30. Kh2 hxg4 31. h4 Re7 32. Kg1 Rh7 33. Kf1 g5 34. Rh2 gxh4 35. Rxh4 Rff7 36. Qh2 Rxh4 37. Bxh4 Rh7 38. Qg3 Bf4 39. Qf2 g3 0-1

[Event "CAN-op"]
[Site "Sackville CAN"]
[Date "2001.07.09"]
[Round "4"]
[White "Morabito, Matthew"]
[Black "Golts, Roman"]
[Result "1/2-1/2"]
[WhiteElo "1915"]
[BlackElo "2195"]
[PlyCount "121"]
[GameId "2160767911564085"]
[EventDate "2001.07.07"]
[EventType "swiss"]
[EventRounds "10"]
[EventCountry "CAN"]
[SourceTitle "EXT 2006"]
[Source "ChessBase"]
[SourceDate "2005.11.24"]
[SourceVersion "1"]
[SourceVersionDate "2005.11.24"]
[SourceQuality "1"]

1. Nf3 Nf6 2. g3 d5 3. Bg2 Bf5 4. c4 e6 5. d4 c6 6. Nc3 h6 7. O-O Nbd7 8. b3 Be7 9. Bb2 O-O 10. Re1 Bh7 11. Nd2 Qb6 12. e4 dxc4 13. Nxc4 Qd8 14. d5 Bc5 15. dxc6 bxc6 16. Qe2 Qc7 17. Na4 Bb4 18. Red1 Qb7 19. Rac1 Nb6 20. Bxf6 gxf6 21. Ncxb6 axb6 22. e5 Bc5 23. Nxc5 bxc5 24. Rxc5 fxe5 25. Rxc6 e4 26. Rdc1 Bf5 27. Bxe4 Bxe4 28. Qxe4 Rxa2 29. Qe3 Kh7 30. Rc7 Qa6 31. Qf4 Kg7 32. b4 Qe2 33. Qd4+ e5 34. Qc5 Rd8 35. Rf1 Rd1 36. Rxd1 Qxd1+ 37. Kg2 Qe2 38. h4 Qe4+ 39. Kh3 Qh1+ 40. Kg4 Qe4+ 41. Kh3 Ra1 42. Rxf7+ Kxf7 43. Qc7+ Ke6 44. Qc8+ Kd6 45. Qd8+ Kc6 46. Qc8+ Kb5 47. Qc5+ Ka6 48. Qd6+ Ka7 49. Qc5+ Kb7 50. Qe7+ Kc6 51. Qc5+ Kd7 52. Qb5+ Ke6 53. Qe8+ Kd5 54. Qf7+ Kd4 55. f3 Rh1+ 56. Kg2 Qe1 57. Qa7+ Kc4 58. Qa2+ Kd3 59. Qa3+ Kd4 60. Qb2+ Kd5 61. Qb3+ 1/2-1/2

[Event "CAN-op"]
[Site "Sackville CAN"]
[Date "2001.07.09"]
[Round "4"]
[White "Nathani, Kaleim"]
[Black "Wang, Hao Yuan"]
[Result "1/2-1/2"]
[WhiteElo "1867"]
[BlackElo "2148"]
[PlyCount "163"]
[GameId "2160767911564086"]
[EventDate "2001.07.07"]
[EventType "swiss"]
[EventRounds "10"]
[EventCountry "CAN"]

1. e4 c5 2. Nf3 d6 3. d4 cxd4 4. Nxd4 Nf6 5. Nc3 a6 6. Be3 e6 7. g4 b5 8. g5 Nfd7 9. Qd2 Bb7 10. Bd3 Qc7 11. O-O-O Nc5 12. f3 Nbd7 13. h4 Rc8 14. h5 b4 15. Nce2 b3 16. Nxb3 Nxd3+ 17. Qxd3 Ne5 18. Qc3 Nxf3 19. h6 gxh6 20. gxh6 Bxe4 21. Nc5 dxc5 22. Qxh8 Nd4 23. Rhe1 Bxc2 24. Rd2 Bf5 25. Nc3 Nf3 26. Nd5 Qb7 27. Nf6+ Ke7 28. Ng8+ Ke8 29. Nf6+ Ke7 30. Rd7+ Qxd7 31. Nxd7 Kxd7 32. Rd1+ Nd4 33. Qf6 Bg6 34. Kd2 Be7 35. Qf2 Rc6 36. Ke1 e5 37. Bxd4 cxd4 38. a3 d3 39. b4 e4 40. Qa7+ Ke6 41. Qe3 Ke5 42. Rc1 Rxc1+ 43. Qxc1 Bd6 44. Qd2 f5 45. Qg2 Kd5 46. Qb2 Ke6 47. Qb3+ Ke7 48. Qd5 f4 49. Qb7+ Ke6 50. Qc8+ Kd5 51. Qg8+ Kd4 52. Qd8 Ke5 53. Qg8 Be7 54. Qb8+ Kf5 55. Qc7 e3 56. Qd7+ Kf6 57. Qd4+ Ke6 58. Qc4+ Kd7 59. Qd5+ Bd6 60. b5 d2+ 61. Ke2 axb5 62. Qxb5+ Ke7 63. Qg5+ Ke6 64. Qg4+ Kd5 65. a4 Kd4 66. Kd1 Kc3 67. Qc8+ Kb3 68. Qb7+ Kxa4 69. Qa6+ Kb3 70. Qb5+ Bb4 71. Qd5+ Kb2 72. Qd4+ Bc3 73. Qb6+ Ka1 74. Qa6+ Kb1 75. Qb5+ Bb2 76. Qd3+ Ka2 77. Qc4+ Ka3 78. Qc5+ Kb3 79. Qb5+ Ka2 80. Qc4+ Ka3 81. Qc5+ Ka4 82. Qc4+ 1/2-1/2

[Event "CAN-op"]
[Site "Sackville CAN"]
[Date "2001.07.09"]
[Round "4"]
[White "Ochkoos, Jura"]
[Black "Poitras, Luc"]
[Result "1-0"]
[WhiteElo "2285"]
[BlackElo "2116"]
[PlyCount "71"]
[GameId "2160767911564087"]
[EventDate "2001.07.07"]
[EventType "swiss"]
[EventRounds "10"]
[EventCountry "CAN"]
[SourceTitle "EXT 2002"]
[Source "ChessBase"]
[SourceDate "2001.11.25"]
[SourceVersion "1"]
[SourceVersionDate "2001.11.25"]
[SourceQuality "1"]

1. d4 Nf6 2. c4 e6 3. Nf3 b6 4. Nc3 Bb7 5. a3 d5 6. Bg5 Be7 7. e3 h6 8. Bxf6 Bxf6 9. cxd5 exd5 10. Qc2 O-O 11. g4 c5 12. O-O-O cxd4 13. exd4 Bc8 14. Rg1 Be6 15. h4 Bxh4 16. Nxh4 Qxh4 17. f4 f5 18. Qe2 Bf7 19. Bg2 Nc6 20. Bxd5 Bxd5 21. Nxd5 Rae8 22. Qf3 fxg4 23. Rxg4 Qh2 24. Rh1 Nxd4 25. Rxg7+ Kh8 26. Rh7+ Kxh7 27. Qd3+ Nf5 28. Rxh2 Re1+ 29. Kc2 Rf7 30. Kb3 Re6 31. Ka2 Rg6 32. Qe4 Nd6 33. Qc2 Nf5 34. Rh5 Ng3 35. Re5 Kg7 36. f5 1-0

[Event "CAN-op"]
[Site "Sackville CAN"]
[Date "2001.07.09"]
[Round "4"]
[White "Palmer, Jordan"]
[Black "Hendon, Lee"]
[Result "1/2-1/2"]
[WhiteElo "1765"]
[BlackElo "1516"]
[PlyCount "51"]
[GameId "2160767911564088"]
[EventDate "2001.07.07"]
[EventType "swiss"]
[EventRounds "10"]
[EventCountry "CAN"]
[SourceTitle "EXT 2006"]
[Source "ChessBase"]
[SourceDate "2005.11.24"]
[SourceVersion "1"]
[SourceVersionDate "2005.11.24"]
[SourceQuality "1"]

1. e4 e5 2. d4 exd4 3. Nf3 Bb4+ 4. Bd2 Qe7 5. Bxb4 Qxb4+ 6. Qd2 Qxd2+ 7. Nbxd2 Nc6 8. Nb3 d6 9. Nbxd4 Bd7 10. Bc4 Nf6 11. O-O-O O-O 12. Rhe1 a6 13. e5 dxe5 14. Nxe5 Nxe5 15. Rxe5 Rfe8 16. Nf3 Bg4 17. Rxe8+ Rxe8 18. Ng5 Bh5 19. f3 h6 20. Nh3 Bg6 21. Nf4 Bh7 22. h4 b5 23. Bd5 Kf8 24. Bc6 Rb8 25. g4 Rb6 26. Bd7 1/2-1/2

[Event "CAN-op"]
[Site "Sackville CAN"]
[Date "2001.07.09"]
[Round "4"]
[White "Palsson, Halldor"]
[Black "Poirier, David"]
[Result "1/2-1/2"]
[WhiteElo "2182"]
[BlackElo "1880"]
[PlyCount "46"]
[GameId "2160767911564089"]
[EventDate "2001.07.07"]
[EventType "swiss"]
[EventRounds "10"]
[EventCountry "CAN"]
[SourceTitle "EXT 2006"]
[Source "ChessBase"]
[SourceDate "2005.11.24"]
[SourceVersion "1"]
[SourceVersionDate "2005.11.24"]
[SourceQuality "1"]

1. d4 d5 2. Nf3 e6 3. Bf4 c6 4. c3 Nf6 5. h3 Bd6 6. Bxd6 Qxd6 7. e3 Nbd7 8. Nbd2 O-O 9. Bd3 e5 10. dxe5 Nxe5 11. Nxe5 Qxe5 12. O-O Re8 13. Qf3 b6 14. Rfe1 Ne4 15. Nf1 Bf5 16. Bxe4 Bxe4 17. Qg3 Qf6 18. Nd2 Re5 19. Nxe4 dxe4 20. Rad1 Rae8 21. Rd2 h6 22. Red1 Rg5 23. Qd6 Rf5 1/2-1/2

[Event "CAN-op"]
[Site "Sackville CAN"]
[Date "2001.07.09"]
[Round "4"]
[White "Ramaswamy, Kiran"]
[Black "Mayo, Alvah"]
[Result "1-0"]
[WhiteElo "1879"]
[BlackElo "2212"]
[PlyCount "81"]
[GameId "2160767911564092"]
[EventDate "2001.07.07"]
[EventType "swiss"]
[EventRounds "10"]
[EventCountry "CAN"]
[SourceTitle "EXT 2006"]
[Source "ChessBase"]
[SourceDate "2005.11.24"]
[SourceVersion "1"]
[SourceVersionDate "2005.11.24"]
[SourceQuality "1"]

1. c4 g6 2. g3 Bg7 3. Bg2 c5 4. Nc3 Nc6 5. Nf3 Nf6 6. O-O O-O 7. d4 cxd4 8. Nxd4 Qb6 9. e3 Qb4 10. Qe2 Na5 11. b3 Qxc3 12. Bd2 Qb2 13. Bxa5 Qxe2 14. Nxe2 Ne8 15. Rad1 d6 16. Nf4 Nf6 17. Rc1 g5 18. Nd5 Nxd5 19. cxd5 b6 20. Bd2 Ba6 21. Rfe1 Rac8 22. Bh3 Rc5 23. e4 Bf6 24. Be3 Ra5 25. a4 Ra8 26. Rc7 h5 27. Bd7 Bd3 28. f3 Rd8 29. Kg2 g4 30. h3 Rxd7 31. Rxd7 Bc2 32. hxg4 hxg4 33. Rd8+ Kg7 34. Rh1 gxf3+ 35. Kxf3 Bxb3 36. Bh6+ Kg6 37. Rg8+ Kh7 38. Rg4 Bd1+ 39. Rxd1 Rxa4 40. Rh1 Ra3+ 41. Be3+ 1-0

[Event "CAN-op"]
[Site "Sackville CAN"]
[Date "2001.07.09"]
[Round "4"]
[White "Ramaswamy, Kishor"]
[Black "Love, Robert"]
[Result "1-0"]
[WhiteElo "1908"]
[BlackElo "1629"]
[PlyCount "51"]
[GameId "2160767911564093"]
[EventDate "2001.07.07"]
[EventType "swiss"]
[EventRounds "10"]
[EventCountry "CAN"]

1. d4 Nf6 2. Nf3 g6 3. Bg5 Bg7 4. Nbd2 d6 5. e3 Bg4 6. h3 Bxf3 7. Qxf3 c6 8. Bc4 d5 9. Bb3 Qa5 10. c3 O-O 11. Bxf6 Bxf6 12. O-O Re8 13. e4 dxe4 14. Nxe4 Nd7 15. g4 Rf8 16. Rfe1 Rae8 17. Rad1 Qc7 18. d5 Bg7 19. Ng5 cxd5 20. Qxd5 Nf6 21. Qxf7+ Rxf7 22. Bxf7+ Kh8 23. Bxe8 Nxe8 24. Rd8 Bf6 25. Rxe8+ Kg7 26. Ne6+ 1-0

[Event "CAN-op"]
[Site "Sackville CAN"]
[Date "2001.07.09"]
[Round "4"]
[White "Roschman, Paul"]
[Black "Sauve, Richard"]
[Result "0-1"]
[WhiteElo "1625"]
[BlackElo "1948"]
[PlyCount "64"]
[GameId "2160767911564094"]
[EventDate "2001.07.07"]
[EventType "swiss"]
[EventRounds "10"]
[EventCountry "CAN"]
[SourceTitle "EXT 2006"]
[Source "ChessBase"]
[SourceDate "2005.11.24"]
[SourceVersion "1"]
[SourceVersionDate "2005.11.24"]
[SourceQuality "1"]

1. e4 e6 2. d4 d5 3. Nc3 Nf6 4. e5 Nfd7 5. f4 c5 6. Nf3 Nc6 7. Bb5 a6 8. Bxc6 bxc6 9. Ne2 cxd4 10. Nexd4 c5 11. Ne2 Qb6 12. O-O Be7 13. Kh1 O-O 14. b3 a5 15. c4 Ba6 16. Re1 Qc6 17. Qc2 Rac8 18. Ng3 Nb6 19. Nd2 Rfd8 20. Bb2 dxc4 21. Nxc4 Nxc4 22. bxc4 Bh4 23. Red1 Bxg3 24. hxg3 h6 25. Rd3 Rxd3 26. Qxd3 Qa4 27. Bc3 Bxc4 28. Qd2 Ra8 29. Kh2 Qb5 30. Qd1 Bd5 31. Rb1 Qc4 32. Qe1 Qxa2 0-1

[Event "CAN-op"]
[Site "Sackville CAN"]
[Date "2001.07.09"]
[Round "4"]
[White "Smith, Maurice"]
[Black "Taylor, William"]
[Result "1/2-1/2"]
[WhiteElo "1678"]
[BlackElo "1953"]
[PlyCount "82"]
[GameId "2160767911564096"]
[EventDate "2001.07.07"]
[EventType "swiss"]
[EventRounds "10"]
[EventCountry "CAN"]
[SourceTitle "EXT 2006"]
[Source "ChessBase"]
[SourceDate "2005.11.24"]
[SourceVersion "1"]
[SourceVersionDate "2005.11.24"]
[SourceQuality "1"]

1. d4 d5 2. c4 c6 3. Nf3 e6 4. cxd5 exd5 5. Nc3 Nf6 6. e3 Bg4 7. Be2 Bd6 8. h3 Bh5 9. O-O O-O 10. Bd2 Nbd7 11. Rc1 Ne4 12. Be1 f5 13. Nd2 Bxe2 14. Nxe2 Qg5 15. Nf3 Qh6 16. Qb3 Rab8 17. Bb4 Rf6 18. Bxd6 Rxd6 19. Rc2 g5 20. Ng3 Nxg3 21. fxg3 g4 22. hxg4 fxg4 23. Nh4 Re6 24. Nf5 Qg5 25. Rcf2 b6 26. Rf4 Rbe8 27. Qa3 a5 28. Qb3 h5 29. Qd1 Nf8 30. Qb3 Ng6 31. R4f2 b5 32. Qc3 a4 33. Qc5 Qd8 34. Nh6+ Kh7 35. Nf7 Qe7 36. Qxe7 R6xe7 37. Nd6 Rd8 38. Nf5 Re6 39. Nh4 Rde8 40. Rf7+ Kg8 41. R7f5 Nxh4 1/2-1/2

[Event "CAN-op"]
[Site "Sackville CAN"]
[Date "2001.07.09"]
[Round "4"]
[White "Stevens, Christian"]
[Black "Miller, Brian"]
[Result "1-0"]
[WhiteElo "2048"]
[BlackElo "1792"]
[PlyCount "161"]
[GameId "2160767911564097"]
[EventDate "2001.07.07"]
[EventType "swiss"]
[EventRounds "10"]
[EventCountry "CAN"]
[SourceTitle "EXT 2006"]
[Source "ChessBase"]
[SourceDate "2005.11.24"]
[SourceVersion "1"]
[SourceVersionDate "2005.11.24"]
[SourceQuality "1"]

1. d4 d5 2. c4 e6 3. Nf3 Nf6 4. cxd5 exd5 5. Nc3 c6 6. Bg5 Be7 7. Qc2 Bg4 8. Ne5 Bh5 9. e3 Nbd7 10. Nxd7 Qxd7 11. h3 O-O 12. Bd3 Bg6 13. O-O Rae8 14. Rab1 Bxd3 15. Qxd3 Nh5 16. Bxe7 Qxe7 17. Qf5 Nf6 18. Rfc1 Ne4 19. Nxe4 Qxe4 20. Qxe4 Rxe4 21. b4 a6 22. a4 Rc8 23. b5 axb5 24. axb5 Re7 25. bxc6 bxc6 26. Rc5 Ree8 27. Rb6 Red8 28. Rcxc6 Re8 29. Rxc8 Rxc8 30. Rb7 Rd8 31. Kh2 Kf8 32. Kg3 Ke8 33. Kf3 Rd6 34. Ke2 Rg6 35. g3 Rh6 36. h4 Rf6 37. Rb5 Rd6 38. Kd3 Rf6 39. Rb2 Kd7 40. Ke2 Rg6 41. Rb7+ Ke8 42. Ra7 Rb6 43. Kf3 Rf6+ 44. Kg2 Rb6 45. f4 h5 46. Kf3 g6 47. Ra5 Rd6 48. e4 dxe4+ 49. Kxe4 Ke7 50. f5 Kf6 51. fxg6 fxg6 52. Rg5 Ke7 53. d5 Rf6 54. Ke5 Rd6 55. Kd4 Kd7 56. Kc5 Rf6 57. g4 hxg4 58. Rxg4 Ra6 59. Rb4 Rf6 60. Rb7+ Kd8 61. Rh7 Ra6 62. d6 Ra1 63. Kc6 Rc1+ 64. Kd5 Rd1+ 65. Ke6 Re1+ 66. Kf6 Rd1 67. Kxg6 Rxd6+ 68. Kg7 Ke8 69. Rh5 Rd7+ 70. Kg8 Re7 71. Rg5 Re4 72. h5 Rf4 73. Re5+ Kd7 74. h6 Rg4+ 75. Kf7 Rf4+ 76. Kg6 Rg4+ 77. Rg5 Re4 78. h7 Re6+ 79. Kh5 Re1 80. Rg4 Rh1+ 81. Rh4 1-0

[Event "CAN-op"]
[Site "Sackville CAN"]
[Date "2001.07.09"]
[Round "4"]
[White "Strub, Michael"]
[Black "Gregorz, Ralph"]
[Result "1-0"]
[WhiteElo "1690"]
[BlackElo "2050"]
[PlyCount "53"]
[GameId "2160767911564098"]
[EventDate "2001.07.07"]
[EventType "swiss"]
[EventRounds "10"]
[EventCountry "CAN"]
[SourceTitle "EXT 2006"]
[Source "ChessBase"]
[SourceDate "2005.11.24"]
[SourceVersion "1"]
[SourceVersionDate "2005.11.24"]
[SourceQuality "1"]

1. d4 Nf6 2. c4 e6 3. Nf3 d5 4. Bg5 Nbd7 5. cxd5 exd5 6. e3 Bb4+ 7. Nc3 c5 8. Nd2 cxd4 9. Nxd5 Qa5 10. Bxf6 Nxf6 11. Nxf6+ gxf6 12. a3 dxe3 13. fxe3 Bd6 14. Bd3 Qg5 15. Qa4+ Bd7 16. Qe4+ Qe5 17. Nc4 Bc6 18. Nxd6+ Kf8 19. Qxe5 fxe5 20. Be4 Ke7 21. Bxc6 Kxd6 22. Be4 Rac8 23. O-O Rc7 24. Rf6+ Ke7 25. Raf1 Ke8 26. R1f5 Re7 27. Rh5 1-0

[Event "CAN-op"]
[Site "Sackville CAN"]
[Date "2001.07.09"]
[Round "4"]
[White "Taylor, David"]
[Black "Cooke, Mathew G"]
[Result "0-1"]
[WhiteElo "1406"]
[BlackElo "1708"]
[PlyCount "56"]
[GameId "2160767911564099"]
[EventDate "2001.07.07"]
[EventType "swiss"]
[EventRounds "10"]
[EventCountry "CAN"]
[SourceTitle "EXT 2006"]
[Source "ChessBase"]
[SourceDate "2005.11.24"]
[SourceVersion "1"]
[SourceVersionDate "2005.11.24"]
[SourceQuality "1"]

1. e4 c5 2. c3 Nf6 3. Bd3 e5 4. Bc2 Nc6 5. d3 d5 6. Qe2 d4 7. cxd4 cxd4 8. Nf3 Bg4 9. Nbd2 Rc8 10. Ba4 Bb4 11. O-O O-O 12. Bxc6 Rxc6 13. h3 Bh5 14. g4 Nxg4 15. hxg4 Bxg4 16. Nc4 Rg6 17. Kg2 Qf6 18. Bg5 Bxf3+ 19. Qxf3 Rxg5+ 20. Qg3 Rxg3+ 21. fxg3 Qe6 22. Rf5 b5 23. Rxe5 Qg4 24. Rxb5 Be7 25. Kf2 f5 26. Ne5 fxe4+ 27. Kg2 Qe2+ 28. Kh3 exd3 0-1

[Event "CAN-op"]
[Site "Sackville CAN"]
[Date "2001.07.09"]
[Round "4"]
[White "Tremblay, Brent"]
[Black "Predescu, Sebastian"]
[Result "1/2-1/2"]
[WhiteElo "1634"]
[BlackElo "2025"]
[PlyCount "90"]
[GameId "2160767911564100"]
[EventDate "2001.07.07"]
[EventType "swiss"]
[EventRounds "10"]
[EventCountry "CAN"]
[SourceTitle "EXT 2006"]
[Source "ChessBase"]
[SourceDate "2005.11.24"]
[SourceVersion "1"]
[SourceVersionDate "2005.11.24"]
[SourceQuality "1"]

1. d4 Nf6 2. Nf3 g6 3. g3 Bg7 4. Bg2 O-O 5. O-O d6 6. Bg5 Ne4 7. c3 Nd7 8. Nbd2 Nxg5 9. Nxg5 e5 10. Ngf3 f5 11. dxe5 Nxe5 12. Nxe5 dxe5 13. Qb3+ Kh8 14. Rad1 Qe7 15. a3 c6 16. Qb4 Qxb4 17. axb4 Be6 18. Nf3 Rad8 19. Ng5 Bb3 20. Rxd8 Rxd8 21. Ra1 h6 22. Nf3 a6 23. Kf1 e4 24. Nh4 Kh7 25. Ke1 Bf6 26. Bf1 Bg5 27. e3 Bf6 28. Ng2 g5 29. Be2 Kg6 30. Ra3 Bd5 31. Ra1 Be5 32. Rd1 Rd6 33. Rd2 Kf6 34. h4 Ke7 35. Kd1 Bb3+ 36. Kc1 Rxd2 37. Kxd2 Kd6 38. hxg5 hxg5 39. Ne1 f4 40. gxf4 gxf4 41. Bg4 Be6 42. Bxe6 Kxe6 43. exf4 Bxf4+ 44. Kc2 Kf5 45. f3 exf3 1/2-1/2